[Event "ICS rated blitz match"]
[Site "204.178.125.65"]
[Date "2000.08.17"]
[Round "?"]
[White "Hossa"]
[Black "LrGenius"]
[Result "0-1"]
[WhiteElo "2528"]
[BlackElo "2299"]
[PlyCount "136"]
[EventDate "2000.??.??"]

1. e4 e6 2. d4 d5 3. Nc3 Bb4 4. e5 c5 5. Bd2 Ne7 6. dxc5 O-O 7. Bd3 Nd7 8. Qh5
g6 9. Qh4 Bxc5 10. Nf3 Nc6 11. Qxd8 Rxd8 12. Bf4 a6 13. O-O b5 14. a4 b4 15.
Ne2 Bb7 16. a5 Rac8 17. Rfd1 Bf8 18. Ned4 Nxd4 19. Nxd4 Bg7 20. Re1 Nc5 21. Bf1
h6 22. h4 Rc7 23. h5 g5 24. Bh2 Rcc8 25. Be2 Ne4 26. Rad1 Nc5 27. Rd2 Na4 28.
Rb1 Nc5 29. Bg4 Rc7 30. Ra1 Bc8 31. Rdd1 Bb7 32. Rab1 Bc8 33. Rdc1 Ne4 34. Nb3
Bd7 35. Be2 Bc8 36. Ra1 Bb7 37. Ra4 Bf8 38. Bd1 Rdc8 39. f3 Nc5 40. Rxb4 Nd3
41. Rxb7 Rxb7 42. cxd3 Rxc1 43. Nxc1 Rxb2 44. d4 Rb1 45. Be2 Rxc1+ 46. Kf2 Bb4
47. f4 Bxa5 48. fxg5 hxg5 49. Ke3 Bb6 50. Bg3 Ra1 51. Bf2 a5 52. g4 a4 53. Kf3
a3 54. Ba6 a2 55. Bd3 Rd1 56. Ke2 Rxd3 57. Kxd3 a1=Q 58. Ke2 Qb2+ 59. Kf3 Bxd4
60. Bxd4 Qxd4 61. Kg3 Qe4 62. Kf2 d4 63. h6 d3 64. Kg3 d2 65. Kh2 d1=Q 66. h7+
Kxh7 67. Kg3 Qdxg4+ 68. Kf2 Qee2# {Hossa checkmated} 0-1

[Event "ICS rated standard match"]
[Site "204.178.125.65"]
[Date "2000.08.17"]
[Round "?"]
[White "Hossa"]
[Black "stevesand"]
[Result "1-0"]
[WhiteElo "2375"]
[BlackElo "2079"]
[PlyCount "60"]
[EventDate "2000.??.??"]

1. e4 c6 2. d4 d5 3. Nc3 dxe4 4. Nxe4 Nd7 5. Bd3 Ngf6 6. Ng5 e6 7. Ne2 Bd6 8.
O-O h6 9. Nf3 O-O 10. Bf4 Qc7 11. Bxd6 Qxd6 12. Qd2 b6 13. c3 Bb7 14. Rfd1 c5
15. dxc5 Qxc5 16. b4 Qc7 17. Ned4 a6 18. b5 a5 19. Nc6 Nc5 20. Nfe5 Ne8 21. Qc2
Nxd3 22. Qxd3 f6 23. Ng6 Bxc6 24. bxc6 Rf7 25. Qc4 Qc8 26. Rd7 Nc7 27. Ne7+
Rxe7 28. Rxe7 Nd5 29. Rd7 Qe8 30. Re1 Rd8 {stevesand resigns} 1-0

[Event "ICS rated standard match"]
[Site "204.178.125.65"]
[Date "2000.08.17"]
[Round "?"]
[White "stevesand"]
[Black "Hossa"]
[Result "1/2-1/2"]
[WhiteElo "2074"]
[BlackElo "2380"]
[PlyCount "148"]
[EventDate "2000.??.??"]

1. d4 Nf6 2. Nf3 e6 3. g3 c5 4. Bg2 cxd4 5. Nxd4 d5 6. O-O Be7 7. c4 dxc4 8.
Qa4+ Nbd7 9. Rd1 O-O 10. Qxc4 Nb6 11. Qc2 Nbd5 12. Nc3 Nb4 13. Qb3 Qa5 14. Bd2
e5 15. Nf3 Be6 16. Qa4 Qxa4 17. Nxa4 Nxa2 18. Nxe5 Bb3 19. Re1 Bd6 20. Nd3 Bxa4
21. Rxa2 Bc6 22. Bxc6 bxc6 23. Rea1 Rfe8 24. Kf1 Bb8 25. Ra6 Ng4 26. h3 Ne5 27.
Nxe5 Bxe5 28. Bc3 Bxc3 29. bxc3 Re7 30. Rxc6 Kf8 31. Raa6 Rb7 32. e3 h6 33. Ke2
g6 34. Kd3 Rd8+ 35. Rd6 Rxd6+ 36. Rxd6 Ke7 37. Ra6 Rd7+ 38. Kc2 Ke8 39. c4 h5
40. Kc3 Rc7 41. Ra5 Ke7 42. e4 Rb7 43. f4 Rd7 44. c5 Rc7 45. Kc4 Kd8 46. Ra6
Re7 47. e5 Rc7 48. h4 Ke7 49. Rd6 Rc8 50. Ra6 Rc7 51. Kd5 Rd7+ 52. Rd6 Rc7 53.
Ra6 Rd7+ 54. Rd6 Rc7 55. c6 a5 56. Kc5 Rc8 57. Kb6 Rb8+ 58. Kxa5 Rb3 59. c7 Rc3
60. Kb6 Rb3+ 61. Ka7 Ra3+ 62. Kb7 Rb3+ 63. Rb6 Rc3 64. c8=Q Rxc8 65. Kxc8 Kf8
66. Kd8 Kg7 67. Rb7 Kf8 68. Ra7 Kg8 69. Ke8 Kg7 70. Rxf7+ Kg8 71. Rf6 Kg7 72.
Ke7 g5 73. hxg5 h4 74. gxh4 Kg8 1/2-1/2

[Event "ICS rated standard match"]
[Site "204.178.125.65"]
[Date "2000.08.17"]
[Round "?"]
[White "Hossa"]
[Black "Pyro"]
[Result "1-0"]
[WhiteElo "2369"]
[BlackElo "1994"]
[PlyCount "43"]
[EventDate "2000.??.??"]

1. e4 c5 2. Nf3 e6 3. Nc3 Nc6 4. Bb5 Nge7 5. O-O a6 6. Bxc6 Nxc6 7. d4 cxd4 8.
Nxd4 Bc5 9. Be3 Nxd4 10. Bxd4 Bxd4 11. Qxd4 O-O 12. e5 f5 13. Na4 b5 14. Nc5
Qc7 15. Rad1 Qc6 16. Nxd7 Bb7 17. f3 Rfd8 18. Rd2 Kf7 19. Rfd1 Rac8 20. Qh4 h6
21. Qh5+ Ke7 22. Qg6 {Pyro resigns} 1-0

[Event "ICS rated standard match"]
[Site "204.178.125.65"]
[Date "2000.08.17"]
[Round "?"]
[White "Pyro"]
[Black "Hossa"]
[Result "1/2-1/2"]
[WhiteElo "1991"]
[BlackElo "2372"]
[PlyCount "93"]
[EventDate "2000.??.??"]

1. d4 Nf6 2. Nf3 e6 3. Bf4 b6 4. e3 Bb7 5. Bd3 Be7 6. Nbd2 Nh5 7. Bg3 Nxg3 8.
hxg3 c5 9. c3 cxd4 10. cxd4 d6 11. Rc1 Nd7 12. Qa4 a6 13. Qb3 Nf6 14. O-O O-O
15. Rc2 d5 16. Ne5 Qd6 17. Rfc1 Rac8 18. Rxc8 Rxc8 19. Rxc8+ Bxc8 20. Qc3 Bb7
21. a3 Nd7 22. Nxd7 Qxd7 23. Nf3 Bd6 24. Kf1 f6 25. Bc2 Qc7 26. Qxc7 Bxc7 27.
Bb3 g5 28. g4 Bc6 29. Ke1 Bd6 30. e4 Kg7 31. exd5 exd5 32. Nd2 Bb8 33. Nf1 Bf4
34. Ne3 Bxe3 35. fxe3 a5 36. Kf2 b5 37. Ba2 h6 38. b4 axb4 39. axb4 Kf8 40. Bb1
Ke7 41. Bd3 Kd6 42. Kg3 Bd7 43. Kf3 Kc6 44. Kg3 Kd6 45. Kf3 Kc6 46. Kg3 Kd6 47.
Kf3 1/2-1/2

[Event "ICS rated standard match"]
[Site "204.178.125.65"]
[Date "2000.08.17"]
[Round "?"]
[White "Hossa"]
[Black "CaKnight"]
[Result "1/2-1/2"]
[WhiteElo "2359"]
[BlackElo "2252"]
[PlyCount "77"]
[EventDate "2000.??.??"]

1. e4 e5 2. Bc4 Nf6 3. d3 d5 4. exd5 Nxd5 5. Nf3 Nc6 6. O-O Bg4 7. Re1 Bb4 8.
c3 Be7 9. h3 Bh5 10. g4 Bg6 11. h4 f6 12. h5 Bf7 13. Nh4 Be6 14. Nf5 Bxf5 15.
gxf5 Qd7 16. b4 O-O-O 17. Qg4 g5 18. hxg6 hxg6 19. Bxd5 Qxd5 20. fxg6+ Kb8 21.
Qe4 Rhg8 22. Kf1 Qxd3+ 23. Qxd3 Rxd3 24. b5 Nd8 25. Ke2 Rd7 26. Rg1 Ne6 27. Bh6
Bf8 28. Be3 Rdg7 29. Nd2 Rxg6 30. Rxg6 Rxg6 31. Rh1 a6 32. bxa6 bxa6 33. Rh8
Kb7 34. Rh1 Kc6 35. Nb3 f5 36. Na5+ Kb5 37. Nb3 Kc6 38. Na5+ Kb5 39. Nb3
1/2-1/2

[Event "ICS rated standard match"]
[Site "204.178.125.65"]
[Date "2000.08.17"]
[Round "?"]
[White "mawred"]
[Black "Hossa"]
[Result "0-1"]
[WhiteElo "2127"]
[BlackElo "2356"]
[PlyCount "106"]
[EventDate "2000.??.??"]

1. e4 e5 2. Nf3 Nc6 3. Bc4 Nf6 4. d3 Bc5 5. h3 d6 6. O-O Na5 7. Bb3 Nxb3 8.
axb3 O-O 9. Bg5 Bb6 10. Nc3 c6 11. Nh2 Kh8 12. Kh1 a6 13. f4 Be3 14. Qf3 exf4
15. Nd1 Ba7 16. Qxf4 Bd4 17. Ne3 Bxb2 18. Rab1 Bc3 19. Neg4 Be6 20. Nxf6 gxf6
21. Bh4 Rg8 22. Rbd1 Be5 23. Qf2 c5 24. g4 Rg6 25. Nf3 Bc3 26. e5 dxe5 27. Qxc5
Rc8 28. Qe3 Bd5 29. Kh2 Qc7 30. Bg3 Qc6 31. Nh4 Bd4 32. Qe2 Qxc2 33. Nxg6+ hxg6
34. Rd2 Bxb3 35. Rxc2 Rxc2 36. Qxc2 Bxc2 37. Rxf6 Kg7 38. g5 Bxd3 39. h4 Kf8
40. Rf3 Be2 41. Rb3 b5 42. Kg2 Bc4 43. Rb1 f5 44. gxf6 Kf7 45. Kf3 Kxf6 46. Ke4
Ke6 47. Rd1 Bd5+ 48. Kd3 b4 49. Rf1 Bc6 50. Rf8 b3 51. Rb8 Bb5+ 52. Rxb5 axb5
53. Be1 e4+ {mawred resigns} 0-1

[Event "ICS rated standard match"]
[Site "204.178.125.65"]
[Date "2000.08.17"]
[Round "?"]
[White "barhoom"]
[Black "Hossa"]
[Result "0-1"]
[WhiteElo "2200"]
[BlackElo "2361"]
[PlyCount "103"]
[EventDate "2000.??.??"]

1. e4 e5 2. Nc3 Nf6 3. Bc4 Nc6 4. d3 Bb4 5. Nge2 Na5 6. Bb3 Nxb3 7. axb3 d5 8.
exd5 Nxd5 9. Bd2 O-O 10. O-O Nf6 11. Bg5 Bg4 12. Ne4 Be7 13. Nxf6+ Bxf6 14.
Bxf6 Qxf6 15. Qd2 Rfe8 16. f3 Qb6+ 17. Kh1 Bf5 18. Ng3 Bg6 19. Rfe1 Qd6 20. Qd1
Qd4 21. Qc1 a6 22. Ra4 Qd6 23. Ne4 Qc6 24. Rc4 Qd7 25. Nc5 Qd5 26. Ne4 Qd8 27.
Qe3 f6 28. Nc5 b6 29. Ne4 f5 30. Nc3 Bf7 31. Ra4 a5 32. Qd2 c6 33. Nd1 Bg6 34.
Qc3 Qf6 35. Rc4 c5 36. Ne3 Rad8 37. Ra4 Bf7 38. Raa1 Rd4 39. Nc4 Bg6 40. Re2 e4
41. dxe4 fxe4 42. fxe4 Rexe4 43. Rxe4 Bxe4 44. Qg3 Bxc2 45. Qb8+ Rd8 46. Qxb6
Qxb6 47. Nxb6 Bxb3 48. h3 a4 49. Kg1 h6 50. Kf1 Rd6 51. Nc8 Rd2 52. Ne7+ {
barhoom resigns} 0-1

[Event "ICS rated blitz match"]
[Site "204.178.125.65"]
[Date "2000.08.17"]
[Round "?"]
[White "EXchess"]
[Black "Hossa"]
[Result "1/2-1/2"]
[WhiteElo "2557"]
[BlackElo "2503"]
[PlyCount "172"]
[EventDate "2000.??.??"]

1. Nf3 b6 2. c4 Nf6 3. g3 Ba6 4. Qa4 Bb7 5. Bg2 Bc6 6. Qc2 Na6 7. d4 e6 8. Nbd2
Be7 9. O-O Bb7 10. Ne5 Bxg2 11. Kxg2 c5 12. Qa4 Qc8 13. e3 O-O 14. Kg1 Nb8 15.
dxc5 bxc5 16. e4 d6 17. Nef3 Nc6 18. Re1 e5 19. Rb1 Nd4 20. Qd1 Rb8 21. b3 Ng4
22. Bb2 Rb6 23. a3 Qd7 24. Bc3 f5 25. Kg2 fxe4 26. Rxe4 Ra6 27. Rc1 Rxa3 28.
Rb1 Ra2 29. Rb2 Rxb2 30. Bxb2 Nxf3 31. Nxf3 Qc8 32. Qd5+ Rf7 33. Re1 Nf6 34.
Qd1 Qb7 35. h3 Ne4 36. Ba1 Ng5 37. Re3 Qc8 38. Nxg5 Bxg5 39. Rd3 Qc6+ 40. Rd5
Be7 41. f3 Qe8 42. Bc3 Qf8 43. Qd3 a6 44. h4 Qb8 45. Ba5 Rf6 46. Bd2 Bf8 47.
Qe3 Rf7 48. Qc3 Rb7 49. Rd3 Qc8 50. Be3 Rf7 51. Rd5 g6 52. Rd2 Qf5 53. Rf2 Qb1
54. Rf1 Qa2+ 55. Rf2 Qa3 56. Bc1 Qb4 57. Qxb4 cxb4 58. Ra2 Ra7 59. Be3 Ra8 60.
Ra4 Kf7 61. Rxb4 Be7 62. Rb7 Ke6 63. Bg5 Re8 64. Bxe7 Rxe7 65. Rb6 a5 66. c5
Rc7 67. cxd6 Rc3 68. g4 Rd3 69. Rb5 Kxd6 70. Rxa5 Rxb3 71. Ra7 Kd5 72. Rxh7 e4
73. fxe4+ Kxe4 74. h5 Kf4 75. hxg6 Rg3+ 76. Kf2 Rxg4 77. g7 Kf5 78. Kf3 Rf4+
79. Ke3 Re4+ 80. Kd3 Rg4 81. Kd2 Kf6 82. Kc3 Rg3+ 83. Kc2 Rg2+ 84. Kc3 Rg3+ 85.
Kc2 Rg2+ 86. Kc3 Rg3+ 1/2-1/2

[Event "ICS rated standard match"]
[Site "204.178.125.65"]
[Date "2000.08.17"]
[Round "?"]
[White "Hossa"]
[Black "chuda"]
[Result "1-0"]
[WhiteElo "2361"]
[BlackElo "2046"]
[PlyCount "118"]
[EventDate "2000.??.??"]

1. e4 d5 2. exd5 Nf6 3. d4 Bg4 4. f3 Bf5 5. Bb5+ Nbd7 6. c4 e6 7. dxe6 Bxe6 8.
d5 Bf5 9. Nc3 Bc5 10. g4 Qe7+ 11. Nge2 Nxg4 12. fxg4 Bxg4 13. Bf4 O-O-O 14. Qd3
Rhe8 15. h3 Bxe2 16. Nxe2 Qf6 17. Qd2 Ne5 18. O-O-O Nf3 19. Qa5 Bb6 20. Qc3 Nd4
21. Nxd4 Qxf4+ 22. Qd2 Re4 23. Qxf4 Rxf4 24. Ne2 Rf2 25. Rdf1 Rxe2 26. c5 Re7
27. cxb6 axb6 28. Re1 Rxe1+ 29. Rxe1 f5 30. Re5 g6 31. Kc2 f4 32. Bc4 Kd7 33.
Re6 Rf8 34. Kd2 f3 35. Ke1 Rf4 36. Bd3 f2+ 37. Kf1 c6 38. Re2 cxd5 39. Rxf2 Rh4
40. Be2 Kd6 41. Kg2 Re4 42. Bf1 Ke6 43. b3 Rd4 44. Be2 Re4 45. Bg4+ Ke5 46. Rf7
h5 47. Bf3 Rd4 48. Rxb7 Kf4 49. Rf7+ Ke5 50. Rd7 Rd3 51. Kg3 Rd4 52. h4 Rd2 53.
Rb7 Rxa2 54. Rxb6 Rb2 55. Rxg6 Rxb3 56. Rg5+ Ke6 57. Rxh5 d4 58. Kf4 d3 59.
Bd5+ Kd6 {chuda resigns} 1-0

[Event "ICS rated standard match"]
[Site "204.178.125.65"]
[Date "2000.08.17"]
[Round "?"]
[White "chuda"]
[Black "Hossa"]
[Result "1-0"]
[WhiteElo "2042"]
[BlackElo "2365"]
[PlyCount "89"]
[EventDate "2000.??.??"]

1. e4 e5 2. Nf3 Nc6 3. Bb5 a6 4. Ba4 Nf6 5. O-O Be7 6. Re1 b5 7. Bb3 O-O 8. a4
b4 9. d4 d6 10. c3 bxc3 11. bxc3 Rb8 12. Qc2 Be6 13. Bxe6 fxe6 14. Nbd2 exd4
15. cxd4 Nb4 16. Qc3 Ng4 17. h3 Nf6 18. Ba3 c5 19. Rab1 a5 20. dxc5 dxc5 21.
Qb3 Qc8 22. Qc4 Nh5 23. Ne5 Nf4 24. Ndf3 Rb6 25. Bc1 Rd6 26. Bxf4 Rxf4 27. Rbc1
Ra6 28. Rcd1 Bd6 29. Re2 Bxe5 30. Nxe5 Qc7 31. Qc3 Rd6 32. Rxd6 Qxd6 33. Rd2
Qe7 34. Rd7 Qg5 35. Qxc5 Rf8 36. Rf7 Ra8 37. Qc7 Na6 38. Qd6 Qc1+ 39. Kh2 Nb4
40. Qxe6 Kh8 41. Rf8+ Rxf8 42. Nf7+ Kg8 43. Nh6+ Kh8 44. Qg8+ Rxg8 45. Nf7# {
Hossa checkmated} 1-0

[Event "ICS rated standard match"]
[Site "204.178.125.65"]
[Date "2000.08.17"]
[Round "?"]
[White "Hossa"]
[Black "Nimzostrong"]
[Result "1-0"]
[WhiteElo "2337"]
[BlackElo "2504"]
[PlyCount "53"]
[EventDate "2000.??.??"]

1. e4 e5 2. Nf3 Nc6 3. Bb5 a6 4. Ba4 Nf6 5. O-O Be7 6. Re1 b5 7. Bb3 d6 8. c3
O-O 9. h3 Bb7 10. d4 Re8 11. Nbd2 Bf8 12. a4 h6 13. Qe2 exd4 14. cxd4 Nxe4 15.
Nxe4 d5 16. axb5 Rxe4 17. Be3 Nb4 18. Ne5 f6 19. Ng6 Qe8 20. Nxf8 Kxf8 21. Rac1
Re7 22. bxa6 Rxa6 23. Qd2 Rb6 24. Bf4 Na6 25. Rxe7 Qxe7 26. Re1 Qd7 27. Qc3 {
Nimzostrong resigns} 1-0

[Event "ICS rated standard match"]
[Site "204.178.125.65"]
[Date "2000.08.17"]
[Round "?"]
[White "mawred"]
[Black "Hossa"]
[Result "0-1"]
[WhiteElo "2109"]
[BlackElo "2363"]
[PlyCount "104"]
[EventDate "2000.??.??"]

1. e4 e5 2. Nf3 Nc6 3. Bc4 Nf6 4. d3 Bc5 5. Nc3 O-O 6. Bg5 h6 7. Bh4 Be7 8. O-O
a6 9. h3 d6 10. Nh2 Na5 11. Bb3 Nxb3 12. axb3 Be6 13. f4 exf4 14. Bxf6 Bxf6 15.
Rxf4 Bd4+ 16. Kh1 Kh8 17. Qh5 Qd7 18. Raf1 Qe7 19. Ng4 Qg5 20. Qxg5 hxg5 21.
R4f3 Kh7 22. Nd5 Bxd5 23. exd5 f6 24. c3 Bb6 25. Re1 f5 26. Nh2 g6 27. d4 Kh6
28. Rfe3 Rf7 29. Re6 Rh8 30. b4 g4 31. hxg4 fxg4 32. Kg1 g3 33. Nf1 Rf2 34.
Nxg3 Rxb2 35. R1e3 Rh7 36. Ne4 Rb1+ 37. Kf2 Rf7+ 38. Ke2 Rb2+ 39. Kd3 Rxg2 40.
Nf6 a5 41. Rh3+ Kg5 42. Ne4+ Kg4 43. Rh6 g5 44. Rhg6 Kf4 45. Nf6 a4 46. Re4+
Kf5 47. Re6 Kxg6 48. Nd7+ Kh5 49. Nxb6 a3 50. Nc4 Rf3+ 51. Ke4 Rgg3 52. Re8
Rf4# {mawred checkmated} 0-1

[Event "ICS rated standard match"]
[Site "204.178.125.65"]
[Date "2000.08.18"]
[Round "?"]
[White "Hossa"]
[Black "kidza"]
[Result "1-0"]
[WhiteElo "2366"]
[BlackElo "1935"]
[PlyCount "25"]
[EventDate "2000.??.??"]

1. e4 c5 2. c3 d5 3. exd5 Qxd5 4. d4 Nf6 5. Nf3 e6 6. Bd3 Nc6 7. O-O Be7 8.
dxc5 Bxc5 9. b4 Bb6 10. Be3 Bxe3 11. fxe3 O-O 12. c4 Qd6 13. Bxh7+ {
kidza resigns} 1-0

[Event "ICS rated blitz match"]
[Site "204.178.125.65"]
[Date "2000.08.18"]
[Round "?"]
[White "Hossa"]
[Black "EXchess"]
[Result "0-1"]
[WhiteElo "2505"]
[BlackElo "2564"]
[PlyCount "104"]
[EventDate "2000.??.??"]

1. e4 c5 2. Nf3 d6 3. d4 cxd4 4. Nxd4 Nf6 5. Nc3 a6 6. Rg1 e5 7. Nf3 Be7 8. Bg5
O-O 9. Qd2 Bg4 10. O-O-O Nbd7 11. Be2 b6 12. h3 Be6 13. Rgf1 h6 14. Bxh6 gxh6
15. Qxh6 Nh7 16. Rd2 Re8 17. Rdd1 Nc5 18. Rh1 Ng5 19. Nd2 Bf8 20. Qh5 Bd7 21.
h4 Nge6 22. Bc4 Bg7 23. Bd5 Rc8 24. Nc4 Bc6 25. Qg4 Nd4 26. Bxc6 Rxc6 27. Nd2
Nb5 28. Rh3 Nxc3 29. Rxc3 d5 30. Rg3 Rg6 31. Qh5 Rxg3 32. fxg3 Qa8 33. Rf1 Rf8
34. exd5 Qxd5 35. Nb1 Qxg2 36. Re1 e4 37. Nd2 Qxg3 38. Rf1 f5 39. b4 Qc3 40.
Kd1 e3 41. Nb1 Qxb4 42. Qg5 Qxb1+ 43. Ke2 Qxc2+ 44. Kf3 Qe4+ 45. Kg3 Ne6 46.
Qh5 e2 47. Kf2 Bd4+ 48. Ke1 exf1=Q+ 49. Kxf1 Qb1+ 50. Ke2 Nf4+ 51. Kf3 Qd3+ 52.
Kxf4 Qe3# {Hossa checkmated} 0-1

[Event "ICS rated blitz match"]
[Site "204.178.125.65"]
[Date "2000.08.18"]
[Round "?"]
[White "EXchess"]
[Black "Hossa"]
[Result "1-0"]
[WhiteElo "2577"]
[BlackElo "2492"]
[PlyCount "111"]
[EventDate "2000.??.??"]

1. d4 Nf6 2. c4 Nc6 3. Nf3 e6 4. Nc3 d5 5. Ne5 Be7 6. Nxc6 bxc6 7. e3 O-O 8.
Be2 c5 9. O-O c6 10. Re1 cxd4 11. exd4 dxc4 12. Bxc4 Rb8 13. Rb1 Qc7 14. Bg5
Rd8 15. Qd3 Bb7 16. Bh4 Qb6 17. Red1 Rd7 18. Na4 Qa5 19. Qb3 Rbd8 20. Nc5 Bxc5
21. Bxf6 gxf6 22. dxc5 Rxd1+ 23. Rxd1 Rxd1+ 24. Qxd1 Qxc5 25. Qb3 Bc8 26. h4
Qd4 27. Be2 Qd2 28. Bf1 Qd6 29. h5 Qe5 30. h6 Qf4 31. Qa3 Qxh6 32. Qxa7 Qd2 33.
Qb6 Qd6 34. a4 Kg7 35. b4 Qd1 36. a5 Bd7 37. a6 c5 38. a7 Qd5 39. Qb8 Bc6 40.
b5 Bb7 41. Qg3+ Qg5 42. Qc7 Qd5 43. b6 e5 44. Kh2 f5 45. Qe7 f4 46. f3 Kg6 47.
Bc4 Qc6 48. Qxf7+ Kh6 49. Be6 Qxe6 50. Qxe6+ Kh5 51. Qf7+ Kg5 52. Qxb7 Kg6 53.
a8=Q e4 54. Qg8+ Kf5 55. Qxe4+ Kf6 56. Qee6# {Hossa checkmated} 1-0

[Event "ICS rated standard match"]
[Site "204.178.125.65"]
[Date "2000.08.18"]
[Round "?"]
[White "vitaly"]
[Black "Hossa"]
[Result "0-1"]
[WhiteElo "2076"]
[BlackElo "2368"]
[PlyCount "80"]
[EventDate "2000.??.??"]

1. d4 Nf6 2. c4 c5 3. d5 g6 4. Nc3 Bg7 5. e4 d6 6. Nf3 O-O 7. Be2 Na6 8. O-O e6
9. h3 Bd7 10. Re1 Qb8 11. Bf4 e5 12. Be3 Qc8 13. Rb1 Ne8 14. a3 f5 15. b4 Nf6
16. bxc5 Nxe4 17. Nxe4 fxe4 18. Nd2 Nxc5 19. Bxc5 Qxc5 20. Nxe4 Qxa3 21. Rxb7
Bf5 22. Bf3 Rab8 23. Qb1 Rxb7 24. Qxb7 Bxe4 25. Bxe4 Qc3 26. Re3 Qxc4 27. Qxa7
Bh6 28. Re1 Bd2 29. Qa1 Bxe1 30. Qxe1 Qd4 31. g3 Ra8 32. Kg2 Ra4 33. Kf3 Ra3+
34. Kg2 Qb2 35. h4 Ra1 36. Qe3 Qb4 37. Qd3 Qe1 38. Kf3 h5 39. Bxg6 Ra2 40. Bxh5
e4+ {vitaly resigns} 0-1

[Event "ICS rated standard match"]
[Site "204.178.125.65"]
[Date "2000.08.18"]
[Round "?"]
[White "Mefisto5000"]
[Black "Hossa"]
[Result "0-1"]
[WhiteElo "2055"]
[BlackElo "2373"]
[PlyCount "88"]
[EventDate "2000.??.??"]

1. d4 Nf6 2. c4 c5 3. d5 g6 4. Nc3 Bg7 5. e4 d6 6. f3 O-O 7. Bg5 Ne8 8. Qd2 f5
9. O-O-O fxe4 10. fxe4 Bg4 11. Re1 Na6 12. h3 Bd7 13. Bd3 Nb4 14. Bb1 Rb8 15.
a3 Na6 16. Nf3 b5 17. Bh6 bxc4 18. Bxg7 Nxg7 19. Rhf1 Nh5 20. Qh6 Qb6 21. Rf2
e5 22. Rd2 Qd8 23. Ng5 Qe7 24. Ba2 Nc7 25. Bxc4 Qg7 26. Qxg7+ Nxg7 27. Be2 h6
28. Nf3 Nh5 29. Bd1 Ng3 30. Rf2 Kh8 31. Bc2 a5 32. Ne2 Nxe2+ 33. Rexe2 g5 34.
Ne1 g4 35. hxg4 Bxg4 36. Rd2 Nb5 37. Bd1 Bxd1 38. Kxd1 Kh7 39. Nf3 c4 40. Nh4
c3 41. bxc3 Nxc3+ 42. Kc2 Rfc8 43. Kd3 Nb1 44. Rc2 Rb3+ {Mefisto5000 resigns}
0-1

[Event "ICS rated standard match"]
[Site "204.178.125.65"]
[Date "2000.08.18"]
[Round "?"]
[White "stevesand"]
[Black "Hossa"]
[Result "1/2-1/2"]
[WhiteElo "2082"]
[BlackElo "2377"]
[PlyCount "113"]
[EventDate "2000.??.??"]

1. d4 Nf6 2. Nf3 e6 3. g3 c5 4. Bg2 cxd4 5. Nxd4 d5 6. O-O Be7 7. c4 dxc4 8.
Qa4+ Nbd7 9. Rd1 O-O 10. Qxc4 Nb6 11. Qb3 Bd7 12. Nc3 Qb8 13. a4 e5 14. Nf3 Be6
15. Qc2 Nbd5 16. Nxd5 Bxd5 17. Bg5 Be6 18. Qc3 Ne4 19. Qe3 Nxg5 20. Nxg5 Bf5
21. Rd5 f6 22. Ne4 Be6 23. Rdd1 Rc8 24. Rac1 Rxc1 25. Rxc1 Qd8 26. Nc5 Bxc5 27.
Qxc5 Rc8 28. Qe3 Rxc1+ 29. Qxc1 Qd7 30. h4 Bb3 31. a5 a6 32. Qc3 Be6 33. Kh2
Qf7 34. Qc5 Qd7 35. b4 h6 36. Qc3 Kh7 37. Qf3 Qd2 38. Qxb7 Qxe2 39. b5 axb5 40.
a6 Qxf2 41. a7 Bd5 42. Qxd5 Qxa7 43. Qxb5 g6 44. Qe2 Kg7 45. Qe4 h5 46. Qb7+
Qxb7 47. Bxb7 g5 48. hxg5 fxg5 49. Kg2 g4 50. Kf2 Kg6 51. Bc6 Kg5 52. Ke3 h4
53. gxh4+ Kxh4 54. Ke4 Kg3 55. Kxe5 Kh3 56. Bd7 Kh4 57. Bxg4 1/2-1/2

[Event "ICS rated blitz match"]
[Site "204.178.125.65"]
[Date "2000.08.18"]
[Round "?"]
[White "Hossa"]
[Black "Tinker"]
[Result "1/2-1/2"]
[WhiteElo "2480"]
[BlackElo "2480"]
[PlyCount "193"]
[EventDate "2000.??.??"]

1. d4 d5 2. Nf3 Nf6 3. Bf4 Nc6 4. e3 Nh5 5. Bg5 h6 6. Bh4 g5 7. Bg3 Bg4 8. Be2
Nxg3 9. hxg3 e6 10. Nfd2 Bf5 11. g4 Bg6 12. Bd3 Bxd3 13. cxd3 Qf6 14. Nc3 O-O-O
15. Qe2 Bg7 16. O-O-O Qe7 17. Kb1 e5 18. dxe5 Bxe5 19. d4 Bf6 20. Rc1 Qe6 21.
Rh5 Be7 22. Nb3 f5 23. gxf5 Qxf5+ 24. Ka1 a6 25. g4 Qf7 26. Rch1 Rd6 27. f3 Qg7
28. Nc5 Kb8 29. Rc1 Qf7 30. Rh3 Qe8 31. Rhh1 Bf6 32. Qe1 Qg6 33. Qd1 Nd8 34.
Qb3 Qf7 35. Nb1 Rb6 36. Qd3 Ne6 37. Nc3 Rd6 38. Nxe6 Qxe6 39. Ne2 Rd7 40. Ng3
Rdh7 41. Rc2 Kc8 42. Rch2 Be7 43. Nf5 Bb4 44. Qb3 Bd6 45. Rh5 c6 46. Qb6 Bc7
47. Qc5 Qf6 48. Kb1 Kb8 49. e4 Qf7 50. e5 Qg6 51. Rxh6 Rxh6 52. Rxh6 Rxh6 53.
Qf8+ Bd8 54. Qxh6 Qxh6 55. Nxh6 Kc7 56. e6 Be7 57. Nf5 Kd8 58. Kc2 b6 59. a3
Ke8 60. Kd2 a5 61. Kd3 Bf6 62. b4 axb4 63. axb4 Kd8 64. Kc2 Be7 65. b5 cxb5 66.
Ne3 Bf6 67. Nxd5 Bxd4 68. Kd3 Bc5 69. Kc3 Ke8 70. Kc2 Kd8 71. Kb2 Bd4+ 72. Kb1
Bf2 73. f4 gxf4 74. Nxf4 Ke7 75. g5 Bc5 76. g6 Kf6 77. Ka2 Bd6 78. Nd5+ Kxg6
79. Nxb6 Kf6 80. e7 Bxe7 81. Nd5+ Kg7 82. Nxe7 Kf6 83. Nc6 b4 84. Kb3 Kg7 85.
Ne5 Kh8 86. Kc2 b3+ 87. Kb2 Kg8 88. Nd7 Kh8 89. Nf6 Kg7 90. Nd5 Kh8 91. Ne7 Kh7
92. Nf5 Kh8 93. Nd6 Kg8 94. Nf5 Kh8 95. Nd6 Kg8 96. Nf5 Kh8 97. Nd6 1/2-1/2

[Event "ICS rated blitz match"]
[Site "204.178.125.65"]
[Date "2000.08.18"]
[Round "?"]
[White "Tinker"]
[Black "Hossa"]
[Result "1/2-1/2"]
[WhiteElo "2480"]
[BlackElo "2480"]
[PlyCount "79"]
[EventDate "2000.??.??"]

1. e4 c5 2. Nf3 d6 3. Bc4 Nf6 4. d3 e6 5. Nc3 a6 6. O-O Nc6 7. Qe2 Na5 8. e5
dxe5 9. Nxe5 Bd6 10. Bg5 O-O 11. a3 Bxe5 12. Qxe5 Nxc4 13. dxc4 Nd7 14. Qg3 f6
15. Be3 b6 16. Rfd1 Qe7 17. Qc7 Rb8 18. Ne4 Rb7 19. Qg3 Ne5 20. Nd6 Rd7 21.
Nxc8 Rxc8 22. Rxd7 Qxd7 23. b3 Rd8 24. Re1 Nc6 25. c3 Qd1 26. f3 Qxb3 27. Qc7
Qa4 28. Qxb6 Rd1 29. Kf2 Rd3 30. Bxc5 e5 31. Rc1 Nd8 32. Qb8 Qd7 33. Kg1 Rd1+
34. Rxd1 Qxd1+ 35. Kf2 Qd2+ 36. Kg3 Qf4+ 37. Kf2 Qd2+ 38. Kg3 Qf4+ 39. Kf2 Qd2+
40. Kg3 1/2-1/2

[Event "ICS rated blitz match"]
[Site "204.178.125.65"]
[Date "2000.08.18"]
[Round "?"]
[White "Hossa"]
[Black "Tinker"]
[Result "0-1"]
[WhiteElo "2480"]
[BlackElo "2480"]
[PlyCount "106"]
[EventDate "2000.??.??"]

1. e4 e5 2. Nf3 Nc6 3. Bb5 a6 4. Ba4 Nf6 5. O-O b5 6. Bb3 Bb7 7. d3 Bc5 8. Be3
Bxe3 9. fxe3 O-O 10. a4 b4 11. Nbd2 Qe7 12. Nh4 Na5 13. Nf5 Qc5 14. d4 exd4 15.
exd4 Qb6 16. e5 Nxb3 17. Nxb3 Ne4 18. Qg4 g6 19. Ne7+ Kg7 20. Qxd7 Rad8 21. Qg4
h5 22. Qh4 Rfe8 23. Rae1 Rxd4 24. a5 Qa7 25. Kh1 Ng3+ 26. Qxg3 Rg4 27. e6 Rxg3
28. Rxf7+ Kh6 29. hxg3 Rxe7 30. Nd4 Re8 31. Rd7 c5 32. Nb3 Qb8 33. Nxc5 Qxg3
34. Re2 Bxg2+ 35. Rxg2 Qe1+ 36. Rg1 Qe3 37. Kh2 Qxc5 38. Rg2 Qe5+ 39. Kg1 Rxe6
40. Rd1 Qxb2 41. Kh1 Rc6 42. Re1 Rc4 43. Rf1 Rxc2 44. Rgf2 b3 45. Rxc2 bxc2 46.
Kg1 h4 47. Re1 h3 48. Kf1 h2 49. Kf2 c1=Q+ 50. Re2 h1=Q 51. Kg3 Qcg1+ 52. Rg2
Qe3+ 53. Kg4 Qbxg2# {Hossa checkmated} 0-1

[Event "ICS rated blitz match"]
[Site "204.178.125.65"]
[Date "2000.08.18"]
[Round "?"]
[White "Tinker"]
[Black "Hossa"]
[Result "1/2-1/2"]
[WhiteElo "2496"]
[BlackElo "2464"]
[PlyCount "151"]
[EventDate "2000.??.??"]

1. e4 e5 2. Nf3 Nc6 3. d4 exd4 4. Nxd4 Nf6 5. Nxc6 bxc6 6. e5 Qe7 7. Qe2 Nd5 8.
g3 f6 9. exf6 Nxf6 10. Na3 Qxe2+ 11. Bxe2 Be7 12. Be3 O-O 13. O-O-O d5 14. Bd4
Bh3 15. Bd3 Bd6 16. Rde1 Bg2 17. Rhg1 Bf3 18. Bf5 Ne4 19. Be6+ Kh8 20. Nb1 c5
21. Bxd5 cxd4 22. Bxe4 Bxe4 23. Rxe4 Rxf2 24. Rh1 Rb8 25. Nd2 g6 26. Nc4 Bc5
27. Ne5 Rbf8 28. Nd3 Rf1+ 29. Rxf1 Rxf1+ 30. Kd2 Bb6 31. b4 Rh1 32. Re2 a5 33.
b5 Kg8 34. Ne1 Rf1 35. Kd3 Kg7 36. Ke4 Rf5 37. Nf3 Kf6 38. a4 g5 39. Rd2 d3 40.
c4 h5 41. Nd4 Rf1 42. Nb3 Re1+ 43. Kxd3 Re3+ 44. Kc2 Re5 45. Rd8 Re2+ 46. Kc3
Bg1 47. Rf8+ Ke7 48. Rh8 Re3+ 49. Kc2 Bxh2 50. Rxh5 Bxg3 51. Rxg5 Kf6 52. Rh5
Re2+ 53. Kd3 Ra2 54. Nc5 Bf4 55. Rd5 Ra3+ 56. Ke4 Bg3 57. b6 cxb6 58. Nd7+ Kg6
59. Nxb6 Bc7 60. c5 Bxb6 61. cxb6 Rxa4+ 62. Rd4 Ra2 63. Kd5 a4 64. Kc5 a3 65.
Rd6+ Kf5 66. Kb4 Ke5 67. Rd1 Rb2+ 68. Ka5 a2 69. Ra1 Kd4 70. Ka6 Kd5 71. Ka7
Kc6 72. Rc1+ Kd5 73. b7 Rb1 74. Rxb1 axb1=Q 75. b8=Q Qxb8+ 76. Kxb8 1/2-1/2